| 000 | 00675nam a2200181 i 4500 | ||
|---|---|---|---|
| 001 | 159873 | ||
| 003 | ES-MaACL | ||
| 005 | 20230906211840.0 | ||
| 008 | 040927s1886 xxk |||| | eng d | ||
| 100 | 1 |
_aMolesworth, William Nassau. _9130020 |
|
| 245 | 1 | 4 |
_aThe history of England from the year 1830-1874 / _cby William Nassau Molesworth. |
| 260 |
_aLondon : _bChapman and Hall, _c1886 ( _fRichard Clay & Sons) |
||
| 300 |
_a3 v. (X, 421 p.; VIII, 405 p.; X, 458 p.) ; _c19 cm. |
||
| 597 | _aEn port. consta: Twelfth thousand. | ||
| 651 | 4 |
_aGran Bretaña- _xHistoria- _yS.XIX. _9149699 |
|
| 752 |
_aGran Bretaña - _dLondres |
||
| 852 |
_aES-MaACL _jG-11266-68 _z- Enc. tela |
||
| 999 |
_c159873 _d159873 |
||